00750nam a2200241 a 4500001001300000003000900013005001700022008004100039020002300080082002000103100003400123245004600157260003700203300000900240500003500249505002400284650001300308700003400321902000800355942000700363952012100370999001700491nice12345678IN_TiNIC20260116013742.0050524s1998 newa grp 000 0 eng  a8185990 c15000a324.245408bFRA aFrawley, David (vamadeva Shas aAwaken Bharatab a Call for India Rebirth aNew DelhibVoice of India c1998 a294p aincludes index and biblioraphy2 aBibliography, Index aHindutva1 aFrawley, David (vamadeva Shas bSRS cBK 001040708StackRoom-aHMIbHMId2007-04-10g150.00l0o324.245408 FRAp018689r2007-04-10v150.00w2005-05-24yBK c12304d12304